Astronómica: Galaxias. Planetas. Estrellas. Constelaciones. Exploración espacial
Сохранить в:
| Главный автор: | |
|---|---|
| Формат: | |
| Язык: | испанский |
| Опубликовано: |
Tandem
2007
|
| Предметы: | |
| Метки: |
Добавить метку
Нет меток, Требуется 1-ая метка записи!
|
MARC
| LEADER | 00000cam a2200000 a 4500 | ||
|---|---|---|---|
| 001 | UCF6997 | ||
| 003 | CL-VaPUC | ||
| 008 | 130530e20070000GW |||||||||||||||||spa|d | ||
| 020 | |a 9783833143700 | ||
| 082 | 0 | 4 | |a 520 |b OLD |2 21 |
| 100 | |a Olds, Margaret |e autora |9 568972 | ||
| 245 | 1 | 0 | |a Astronómica: Galaxias. Planetas. Estrellas. Constelaciones. Exploración espacial |
| 300 | |a 576 p | ||
| 942 | |c BK | ||
| 945 | |d 20130530 00:00:00 |a dcastane | ||
| 260 | |b Tandem |c 2007 | ||
| 650 | 0 | |a Astronomía |9 260985 | |
| 650 | 0 | |a Galaxias |9 322985 | |
| 650 | 7 | |a ESTRELLAS |2 CL-VaPUC |9 310511 | |
| 650 | 7 | |a PLANETAS |2 CL-VaPUC |9 352277 | |
| 650 | 7 | |a EXPLORACION ESPACIAL |2 CL-VaPUC |9 372408 | |
| 583 | |a last modification |c 20130530 09:49:00 |k Rodrigo Vera | ||
| 999 | |c 351966 |d 351964 | ||
| 952 | |0 0 |1 0 |4 0 |6 520_000000000000000_OLD_2007 |7 0 |8 A |9 456436 |a BIBING |b BIBING |d 2019-11-22 |i 497607K |o 520 OLD 2007 |p 497607K |r 2025-01-20 |w 2019-11-22 |y BK |k CUI | ||